Bioinformatic for dummies (Record no. 1237437)

MARC details
000 -LEADER
fixed length control field 00754nam a2200253Ia 4500
005 - DATE AND TIME OF LATEST TRANSACTION
control field 20250117103444.0
008 - FIXED-LENGTH DATA ELEMENTS--GENERAL INFORMATION
fixed length control field 008 250103s9999 xx 000 0 eng d
020 ## - INTERNATIONAL STANDARD BOOK NUMBER
International Standard Book Number 9780470089859
037 ## - SOURCE OF ACQUISITION
Stock number Textbook
040 ## - CATALOGING SOURCE
Original cataloging agency CSL
Language of cataloging eng
Transcribing agency CSL
041 ## - LANGUAGE CODE
Language code of text/sound track or separate title eng
Source of code eng
084 ## - COLON CLASSIFICATION NUMBER
Classification number G11:(9S:71) P7;4-;6 TY
Assigning agency CSL
100 ## - MAIN ENTRY--PERSONAL NAME
Personal name Claverie, Jean-Michel
245 #0 - TITLE STATEMENT
Title Bioinformatic for dummies
Statement of responsibility, etc. Claverie, Jean-Michel; Notredame, Cedric
250 ## - EDITION STATEMENT
Edition statement 2nd
260 ## - PUBLICATION, DISTRIBUTION, ETC.
Place of publication, distribution, etc. Indiapolis
Name of publisher, distributor, etc. Wiley
Date of publication, distribution, etc. 2007
300 ## - PHYSICAL DESCRIPTION
Extent xvii, 436p. ill.
650 ## - SUBJECT ADDED ENTRY--TOPICAL TERM
Topical term or geographic name entry element Part of tens
9 (RLIN) 733147
650 ## - SUBJECT ADDED ENTRY--TOPICAL TERM
Topical term or geographic name entry element Sequence analysis
9 (RLIN) 711791
650 ## - SUBJECT ADDED ENTRY--TOPICAL TERM
Topical term or geographic name entry element Zoology
700 ## - ADDED ENTRY--PERSONAL NAME
Personal name Notredame, Cedric
942 ## - ADDED ENTRY ELEMENTS (KOHA)
Koha item type Textbook
Classification part G11:(9S:71) P7;4-;6 TY
Holdings
Withdrawn status Lost status Damaged status Not for loan Home library Current library Date acquired Source of acquisition Inventory number Total Checkouts Full call number Barcode Date last seen Price effective from Koha item type
        Central Science Library Central Science Library 2025-01-17 N R Book Distributors 046, 13/02/2023   G11:(9S:71) P7;4-;6 TY SL1655385 2025-01-17 2025-01-17 Textbook
Copyright @ Delhi University Library System